The Bhagavad Gita (Record no. 14934)
[ view plain ]
| 000 -LEADER | |
|---|---|
| fixed length control field | 003270000a22001450004500 |
| 001 - CONTROL NUMBER | |
| control field | 003028 |
| 003 - CONTROL NUMBER IDENTIFIER | |
| control field | MACL |
| 040 ## - CATALOGING SOURCE | |
| Original cataloging agency | MACL |
| 090 ## - LOCALLY ASSIGNED LC-TYPE CALL NUMBER (OCLC); LOCAL CALL NUMBER (RLIN) | |
| -- | 15021 |
| -- | 15020 |
| 100 ## - MAIN ENTRY--PERSONAL NAME | |
| Personal name | Besant, Annie |
| 245 ## - TITLE STATEMENT | |
| Title | The Bhagavad Gita |
| Statement of responsibility, etc. | Annie Besant |
| 260 ## - PUBLICATION, DISTRIBUTION, ETC. (IMPRINT) | |
| Place of publication, distribution, etc. | The Theosophical Publishing House, |
| Date of publication, distribution, etc. | 1997 |
| 650 ## - SUBJECT ADDED ENTRY--TOPICAL TERM | |
| Topical term or geographic name as entry element | Religion |
| 942 ## - ADDED ENTRY ELEMENTS (KOHA) | |
| Call number prefix | 295 |
| Koha item type | Library Membar |
| Withdrawn status | Lost status | Source of classification or shelving scheme | Damaged status | Not for loan | Home library | Current library | Date acquired | Cost, normal purchase price | Total Checkouts | Full call number | Barcode | Date last seen | Uniform Resource Identifier | Price effective from | Koha item type |
|---|---|---|---|---|---|---|---|---|---|---|---|---|---|---|---|
| MACL | MACL | 15/04/2015 | 135.00 | 294.592/BES | CRE014413 | 02/05/2024 | 14823 | 15/04/2015 | Books |









